000 00603aas a2200205 4500
999 _c2851
_d2851
003 BR-BrBNA
005 20230317233623.0
007 ta
008 230119b bl ||||| |||| 00| 0 por d
035 _a000485-5
040 _aBR-BrBNA
_bPor
_cBR-BrBNA
042 _a029366-0
044 _abl
245 _aEmentário da Legislação Federa (Brazil)l
260 _aRio de Janeiro-RJ
_bRepública dos Estado Unidos do Brasil
_c1940. Data final de publicação em 1946
_eBRJ
310 _atrimestral (de três em três meses)
505 _a1940-46 (1-4 trimestre);
909 _a56
_bSergio Santos
_c56
_dSergio Santos
942 _cCR
_2AGRIS